Králi hotelového dizajnu Pierre-Yves Rochon

Hotelové interiéry francúzskeho dizajnéra P. Y. Rochona sa vyznačujú prepychom a štedrosťou. Duch minulosti, zmysel pre detail a štedrosť sú hlavné znaky jeho tvorby. Vybrané hotelové realizácie dizajnéra.

Salvato in:
Dettagli Bibliografici
Autore principale: Daxner, Barbora
Natura: Capitolo di libro
Lingua:slovacco
Soggetti:
Tags: Aggiungi Tag
Nessun Tag, puoi essere il primo ad aggiungerne!!

MARC

LEADER 00000naa a2200000 4500
001 0137214
005 20231011125539.1
041 0 |a slo 
044 |a SK 
245 1 0 |a Králi hotelového dizajnu  |b Pierre-Yves Rochon  |c Barbora Daxner 
520 |a Hotelové interiéry francúzskeho dizajnéra P. Y. Rochona sa vyznačujú prepychom a štedrosťou. Duch minulosti, zmysel pre detail a štedrosť sú hlavné znaky jeho tvorby. Vybrané hotelové realizácie dizajnéra. 
610 2 0 |a dizajn 
610 2 0 |a dizajnéri 
610 2 0 |a hotely 
610 2 0 |a Francúzsko 
100 1 |a Daxner, Barbora